000
00312nam a2200109Ia 4500
008
201217s9999 xx 000 0 und d
100
_a
Hall, V. J.
245
0
_a
Information Systems Analysis with an introduction to fourth-generation technologies
260
_a
Ontario
_b
Prentice Hall
300
_a
417
942
_c
BK
999
_c
7889
_d
7889